000 00720nam a2200229 i 4500
003 DO-SdBNP
005 20230717144623.0
007 ta
008 230717b2011 dr a|||| |||| 00| 0 spa d
040 _aDO-SdBNP
_bspa
_cBNPHU
_erda
082 4 _222
245 1 3 _aLa ecopatrulla :
_bmás agua más vida /
_ccoordinación, Fernando Camarero Rodríguez
264 _aSanto Domingo :
_bFundación MAPFRE,
_c2011.
300 _a20 páginas :
_bilustraciones ;
_c21 cm.
336 _2rdacontent
_atexto
_btxt
337 _2rdamedia
_asin mediación
_bn
338 _2rdacarrier
_avolumen
_bnc
590 _aInventariado, 2023/BT
700 _aCamarero Rodríguez,
_ecoordinación
_983783
910 _aBtavárez
942 _2ddc
_cLF2
999 _c54186
_d54186